000 00949nam a22002897a 4500
001 9235
003 FISKH
005 20251204095033.0
008 251204b cb ||||| |||| 00| 0 eng d
020 _a0918407052
040 _aFISKH
_beng
_cFISKH
_dFISKH
050 _aPZ7.D92135 S
082 _a940
100 _aDunlop, Ed
_eAuthor
245 _aThe search for the silver eagle /
_cby Ed Dunlop
260 _bPACE Publications ,
_c1997
300 _a151 pages :
_bmap ;
_c21 cm
490 _aThe young refugees :
_vbook 2
505 _aP
520 _aWhen twelve-year-old Hans, his father and younger sister are pursued by the Nazis from Switzerland into France, they end up helping the locals resist the Germans and rescue a downed American pilot.
521 8 _a700
_bLexile
521 8 _aP
_bRaz-Plus
650 _aChristian fiction
_vAdventure
650 _aHistorical fiction
_vWWII
942 _2ddc
_cBK
_n0
999 _c9235
_d9235